书目信息 |
| 题名: |
法语发音基础学习
|
|
| 作者: | 白丽虹 编著 | |
| 分册: | ||
| 出版信息: | 广州 广东世界图书出版公司 1997 |
|
| 页数: | 74页 | |
| 开本: | 20cm | |
| 丛书名: | ||
| 单 册: | ||
| 中图分类: | H321 | |
| 科图分类: | 41.731 | |
| 主题词: | 法语-语音--基本知识 , 语音-法语--基本知识 | |
| 电子资源: | ||
| ISBN: | 7-5062-3371-1 | |
| 000 | 00635nam0 2200229 45 | |
| 001 | 0198007194 | |
| 005 | 20050414093441.45 | |
| 010 | @a7-5062-3371-1@dCNY 6.00 | |
| 100 | @a19980204d1997 em y0chiy0121 ea | |
| 101 | 0 | @achi@afre |
| 102 | @aCN@b110000 | |
| 105 | @ay z 000yy | |
| 200 | 10 | @a法语发音基础学习@Afa yu fa yin ji chu xue xi@f白丽虹编著 |
| 210 | @a广州@c广东世界图书出版公司@d1997 | |
| 215 | @a74页@d20cm | |
| 606 | @a法语-语音@x基本知识 | |
| 606 | @a语音-法语@x基本知识 | |
| 690 | @aH321@v3 | |
| 692 | @a41.731@v2 | |
| 701 | 0 | @a白丽虹@Abai li hong@4编著 |
| 801 | 0 | @aCN@bNLC@c20050414 |
| 905 | @a10447@dH321@eB120 | |
| 法语发音基础学习/白丽虹编著.-广州:广东世界图书出版公司,1997 |
| 74页;20cm |
| ISBN 7-5062-3371-1:CNY 6.00 |
| ● |
| 相关链接 |
|
|
|
正题名:法语发音基础学习
索取号:H321/B120
 
预约/预借
| 序号 | 登录号 | 条形码 | 馆藏地/架位号 | 状态 | 备注 |
| 1 | 441063 | 204410636 | 语言库209/209语言库 116排1列5层/ [索取号:H321/B120] | 在馆 | |
| 2 | 441064 | 204410645 | 语言库209/209语言库 116排1列5层/ [索取号:H321/B120] | 在馆 | |
| 3 | 441065 | 204410654 | 语言库209/209语言库 116排1列5层/ [索取号:H321/B120] | 在馆 |